000 00344nam a2200121Ia 4500
008 190216s9999||||xx |||||||||||||| ||und||
100 _aVenkateswaralu
245 0 _aWater Chemistry: Industrial And Power Station Water Tratment
260 _bNew Age International Publishers
_c1999
300 _a138
650 _aChemistry-Chemistry
942 _cBK
999 _c3145
_d3145